000 01418cam a22002771i 4500
003 SA-RiAUC
005 20250915111737.0
008 250903s1999 su a g f010 0 ara c
040 _aSA-JeALM
_bara
_cSA-RiAUC.
_erda
043 _aa-su---
082 0 4 _a915.3104
_qSA-RiAUC
090 _a915.3104
_bس م ا
100 1 _aالسماري، فهد بن عبد الله بن عبد العزيز،
_d1377 هجري-
_eمؤلف.
245 1 0 _aأصدقاء وذكريات :
_bانطباعات وذكريات أمريكية عن الحياة والعمل في المملكة العربية السعودية، 1938-1998 م. /
_cالإعداد والتحرير فهد بن عبد الله بن عبد العزيز السماري، جيل أ. روبيرج ؛ جمع المادة مايكل كروكر.
250 _aالطبعة الأولى.
264 1 _aالرياض :
_a[واشنطن] :
_bدارة الملك عبد العزيز ؛
_bجمعية أبناء العاملين بأرامكو،
_c1999
300 _a62، 59 صفحة :
_bمصور ؛
_c27 سم
336 _aنص
_btxt
_2rdacontent
_3كتاب
337 _aبدون وسيط
_bn
_2rdamedia
338 _aمجلد
_bnc
_2rdacarrier
651 7 _aالسعودية
_xوصف ورحلات
_2aucsh
700 1 _aروبيرج، جيل أ.
_eمؤلف.
700 1 _aكروكر، مايكل
_eجامع.
942 _2ddc
_cBOOK
_n0
949 _aSA-JeALM
_d250903
_uosman123
_n1
999 _c11758
_d11758